000 00318pam a2200133 a 4500
020 _c
041 _h
082 _a743.6
_bPAL
100 _aDandi Palmer .
245 _aHow to Draw Dinosaurs in Simple Steps
_hTextual Documents
260 _a[s.l]:
_bSearch Press,
_c2012.
300 _a31:
_bpaper.
930 _a7770
999 _c241560
_d241560